| 000 | 00545cam a22001932 4500 | ||
|---|---|---|---|
| 001 | 0000000682 | ||
| 005 | 20151217155805.0 | ||
| 008 | 070215s xx 000 0 eng d | ||
| 040 |
_aKABU _cKABU |
||
| 050 | 0 |
_aDT36 _b.D84 |
|
| 100 | 1 |
_aDuffy, James. _@0000020629 |
|
| 245 | 1 | 0 |
_aPortugal in Africa / _cJames Duffy. |
| 260 |
_aHarmondsworth, England : _bPenguin, _c1962. |
||
| 300 | _a240 p. | ||
| 651 | 0 |
_aAfrica _xHistory _zPortugal. _@0000148976 |
|
| 908 | _a070215 | ||
| 950 | _@1 | ||
| 999 |
_c12438 _d12438 |
||